=LDR 00000nam 2200000 4500 =001 INLIS000000000018897 =005 20130612114025 =008 ***********************************Ind** =035 ##$$0010-061300000018897 =041 ##$$a Ind =082 ##$$a 2x6.1 =090 ##$$a 2x6.1, Faq i =100 ##$$a FAQIH, Abu Nabhan =245 ##$$a Indahnya malam pertama, Abu Nabhan Faqih =260 ##$$a 2003 $b Bandung =300 ##$$a 138 hlm., 21 cm =650 ##$$a ISLAM TENTANG SEKS =700 ##$$a NURDIN, H. Subhan =850 ##$$a NBPNMAT